Drapeau Pays - Statistiques

Statistiques générales
  • Ce quiz a été pris 75 fois
  • Le résultat moyen est 15 sur 16
Statistiques - réponses
Par images Réponse % Correct
Brésil
100%
Canada
100%
Espagne
100%
Grèce
100%
Turquie
100%
Ukraine
100%
Algérie
98%
Australie
98%
France
98%
Japon
98%
Maroc
98%
Tunisie
95%
Viêtnam
86%
Thaïlande
80%
Malaisie
77%
Bangladesh
75%
Aucun quiz correspondant
Distribution des résultats
% des personnes avec chaque résultat
Percentile par nombre de réponses
Votre historique - résultats
Vous n’avez pas pris ce quiz